European Capitals Closest to Each Other - Statistics

General Stats
  • This quiz has been taken 112 times
  • The average score is 35 of 40
Answer Stats
# Distance Capital % Correct
1 2.74 km Rome
98%
15 173.78 km Amsterdam
95%
1 2.74 km Vatican City
95%
2 54.99 km Bratislava
93%
12 169.36 km Bratislava
93%
2 54.99 km Vienna
93%
20 222.19 km Vienna
93%
12 169.36 km Budapest
92%
20 222.19 km Budapest
92%
15 173.78 km Brussels
90%
18 186.71 km Brussels
90%
7 116.72 km Zagreb
90%
19 196.57 km Belgrade
89%
18 186.71 km Luxembourg
89%
14 172.16 km Sarajevo
89%
19 196.57 km Sarajevo
89%
6 114.94 km Tirana
89%
8 132.05 km Tirana
89%
9 152.57 km Tirana
89%
3 77.44 km Skopje
88%
9 152.57 km Skopje
88%
16 173.86 km Skopje
88%
17 185.39 km Skopje
88%
5 109.64 km Sofia
88%
16 173.86 km Sofia
88%
8 132.05 km Podgorica
86%
10 157.74 km Podgorica
86%
14 172.16 km Podgorica
86%
17 185.39 km Podgorica
86%
11 158.38 km Bern
85%
4 81.95 km Tallinn
85%
4 81.95 km Helsinki
84%
7 116.72 km Ljubljana
84%
11 158.38 km Vaduz
84%
3 77.44 km Pristina
79%
5 109.64 km Pristina
79%
6 114.94 km Pristina
79%
10 157.74 km Pristina
79%
13 171.70 km Minsk
75%
13 171.70 km Vilnius
73%
No matching quizzes found
Score Distribution
Percent of People with Each Score
Percentile by Number Answered
Your Score History
You have not taken this quiz